000 01848cam a22003851i 4500
003 SA-RiAUC
005 20250502140843.0
008 250423q19001999ua g b 000 0 ara c
040 _aSA-RiNAUS
_bara
_cSA-RiAUC.
_erda
082 0 4 _a219.3
_qSA-RiAUC
090 _a219.3
_b م ل ي
100 1 _aالمليجي، يعقوب محمد
_eمؤلف.
245 1 0 _aمبدأ الشورى في الإسلام مع المقارنة بمبادئ الديمقراطيات الحديثة والنظام الماركسي /
_cيعقوب محمد المليجي.
246 3 _aمبدأ الشورى في الإسلام مع المقارنة بمبادئ الديموقراطيات الحديثة والنظام الماركسي
250 _aالطبعة الأولى.
264 1 _aالإسكندرية، مصر :
_bمؤسسة الثقافة الجامعية،
_c[بين 1900 و1999]
300 _a304 صفحة ؛
_c24 سم
336 _aنص
_btxt
_2rdacontent
_3كتاب
337 _aبدون وسيط
_bn
_2rdamedia
338 _aمجلد
_bnc
_2rdacarrier
504 _aيشتمل على إرجاعات ببليوجرافية.
504 _aببليوجرافية : صفحة 281-293.
650 7 _aالإسلام والشورى
_2aucsh
650 7 _aالإسلام والديمقراطية
_2aucsh
650 7 _aالإسلام والماركسية
_2aucsh
650 7 _aالإسلام والسياسة
_2aucsh
650 7 _aالإسلام والشورى
_2aucsh
650 7 _aالإسلام
_xجوانب سياسية
_2aucsh
650 7 _aالإسلام والإصلاح السياسي
_2aucsh
650 7 _aالإسلام والنظم السياسية
_2aucsh
650 7 _aالإسلام
_xجوانب سياسية
_2aucsh
942 _2ddc
_cBOOK
_n0
949 _aSA-JeALM
_d250423
_umohamedma123
_n1
999 _c7507
_d7507